Statistics for All Active Separatist Movements

Click here to take the quiz!

General Stats

  • This quiz has been taken 651 times
    (370 since last reset)
  • The average score is 69 of 262

Answer Stats

PathCountryRegionProposed State% Correct
aSpainCataloniaCatalan Republic or Catalan Countries (including other Catalan-speaking areas)
80%
aMyanmarWa StateWa State
79%
aFranceNorthern CataloniaUnification with Catalonia
75%
aBrazilSouthern regionSul
75%
aNew ZealandSouth IslandNew Munster Province
74%
aIranIranian KurdistanKurdistan
72%
aTurkeyNorthern KurdistanKurdistan
72%
aUnited StatesTexasRepublic of Texas
72%
aRussiaDon RepublicDon Republic or Rostov Oblast
70%
aUnited KingdomScotlandScotland
70%
aChinaTibetTibet
69%
aUnited KingdomWalesWales
68%
aSpainBasque CountryBasque Country
66%
aUnited KingdomNorthern IrelandReunification with Ireland
66%
aCanadaQuebecQuebec
64%
aItalySicilySicily
64%
aGermanyBavariaFree State of Bavaria
63%
aBelgiumFlandersFlanders or unification with the Netherlands
63%
aGeorgiaSouth OssetiaRepublic of South Ossetia (de facto)
63%
aUnited StatesCaliforniaSecond Californian Republic or New California
62%
aUnited KingdomIsle of ManIsle of Man
62%
aGeorgiaAbkhaziaRepublic of Abkhazia (de facto)
61%
aUkraineAutonomous Republic of CrimeaRepublic of Crimea within Russia (de facto)
60%
aFranceCorsicaCorsica
60%
aRussiaCrimeaCrimean Tatar autonomy within Ukraine or independent Crimea
60%
aCroatiaIstria CountyIstria
60%
ogadenEthiopiaOgadenOgadenia or unification with Somalia
59%
aDenmarkGreenlandGreenland
57%
aCyprusNorthern CyprusTurkish Republic of Northern Cyprus (de facto)
57%
aItalySardiniaRepublic of Sardinia
57%
aMoldovaTransnistriaPridnestrovian Moldavian Republic
57%
aSpainGaliciaGalicia or unification with Portugal
56%
aFinlandÅland IslandsÅland or unification with Sweden
55%
aDenmarkFaroe IslandsFaroe Islands
55%
aSomaliaSomalilandSomaliland (de facto)
55%
aAustraliaTasmaniaTasmania
55%
aSerbiaKosovo and MetohijaRepublic of Kosovo (de facto) or unification with Albania
54%
aBelgiumWalloniaWalloon Republic or unification with France
54%
aFranceBrittanyBrittany
53%
aIndiaJammu & KashmirKashmir
53%
aChinaXinjiangEast Turkestan
53%
aUnited StatesAlaskaRepublic of Alaska
52%
aPakistanAzad Kashmir and Gilgit-BaltistanGilgit-Baltistan
52%
aUkraineDonetsk OblastDonetsk People's Republic (de facto) or unification with Russia
52%
aChinaHong KongHong Kong
52%
aUnited StatesHawaiiRepublic of Hawaii or Kingdom of Hawaii
51%
aAntigua and BarbudaBarbudaBarbuda
49%
aFranceFrench GuianaRepublic of Amazonia
49%
aUkraineLuhansk OblastLuhansk People's Republic (de facto) or unification with Russia
49%
aTaiwanTaiwanRepublic of Taiwan (Taiwanese independence)
49%
aSpainAndalusiaAndalusia
48%
aRussiaChechnyaChechen Republic of Ichkeria
48%
aJapanHokkaidoRepublic of Ainu
48%
aUnited StatesPuerto RicoRepublic of Puerto Rico
48%
aChinaMacauMacau
47%
aSudanDarfurDarfur
45%
aAzerbaijanNagorno-KarabakhRepublic of Artsakh
45%
aSt Kitts and NevisNevisDominion of Nevis
44%
aRomaniaTransylvaniaTransylvania
44%
aSpainCanary IslandsRepublic of the Canary Islands
43%
aUnited KingdomEnglandEngland
43%
aPapua New GuineaBougainvilleBougainville
42%
aUnited KingdomCornwallCornwall
42%
aChinaInner MongoliaInner Mongolia or unification with Mongolia
42%
aRussiaKareliaKarelia or unification with Finland
42%
aUnited StatesNew AfrikaRepublic of New Afrika
42%
aIndonesiaPapua and West PapuaRepublic of West Papua
42%
aArgentinaPatagoniaPatagonia
42%
aYemenSouth YemenSouth Arabia or State of Aden
42%
aItalyVenetoRepublic of Venice
42%
aBosnia and HerzegovinaRepublika SrpskaUnification with Serbia
41%
aRussiaSiberiaSiberian Republic
41%
aCanada | United StatesCascadiaRepublic of Cascadia
40%
aUnited StatesGuamRepublic of Guam
40%
aAustraliaWestern AustraliaWestern Australia
40%
aJapanOkinawaRepublic of Ryukyu or Ryukyu Kingdom
39%
aPolandSilesiaSilesia
39%
aSpainAragonAragon
38%
aChinaManchuriaManchukuo
37%
aFranceNormandyNormandy
37%
aSpainValenciaValencian Country or unification with Catalan Countries
36%
aMyanmarMon StateMon State
35%
aTanzaniaZanzibarZanzibar
35%
aItalyLombardyRepublic of Lombardy
33%
aCzechiaMoraviaMoravia
33%
aFranceRéunionRéunion
33%
aRussiaTatarstanTatarstan
33%
aIranBalochistanBalochistan
32%
aSpainLeónLeonese Region
32%
aPakistanBalochistanBalochistan
31%
cabindaAngolaCabindaRepublic of Cabinda
31%
aSpainCastileCastile
31%
aFranceOccitaniaOccitania
31%
aCanadaAlbertaAlberta
30%
aFranceAlsaceAlsace or re-unification with Germany
30%
aNetherlandsFrisia and GroningenWest Frisia or unification with Frisia
30%
aFranceGuadeloupeRepublic of Guadeloupe
30%
aFranceMartiniqueRepublic of Martinique
30%
aFranceFrench PolynesiaFrench Polynesia
29%
aFranceNew CaledoniaNew Caledonia
29%
tigrayEthiopiaTigray RegionTigray or unification with Eritrea
29%
aSpainAsturiasAsturias
28%
aNetherlandsCuraçaoRepublic of Curaçao
28%
aSerbiaVojvodinaVojvodina
28%
aMexicoChiapasRebel Zapatista Autonomous Municipalities
27%
aChileEaster IslandRapa Nui
27%
aRussiaKaliningradKaliningrad, East Prussia, or unification with Germany
27%
aIndiaPunjabKhalistan
27%
aUnited StatesSouthern StatesConfederate States of America or Dixieland
27%
aSpainNavarreUnification with Basque Country
26%
aPhilippinesSulu archipelago and parts of Zamboanga PeninsulaBansa Sūg
26%
aIndonesiaAcehAceh
25%
aNew ZealandCook IslandsRepublic of the Cook Islands
25%
aFranceMayotteMayotte
25%
aBrazilSão PauloSão Paulo
24%
aItalySouth TyrolUnification with Tyrol (Austria)
24%
aPhilippinesAbu Sayyaf and Bangsamoro Islamic Freedom FightersIslamic state in the Philippines
23%
aMaliAzawadAzawad
23%
aMoldovaGagauziaRepublic of Gagauzia
23%
aUnited KingdomLondonLondon
23%
aCanadaSaskatchewanSaskatchewan
23%
aMyanmarShan StatesShan Republic
23%
ambazoniaCameroonAmbazoniaFederal Republic of Ambazonia
22%
aNigeriaBiafraRepublic of Biafra
22%
aMalaysiaSarawakSarawak
22%
aUzbekistanKarakalpakstanRepublic of Karakalpakstan
21%
katangaDR CongoKatangaKatanga
21%
aAustraliaNorfolk IslandNorfolk Island
21%
aUnited KingdomShetlandShetland autonomous area
21%
aIndiaAssamAssam
20%
aLibyaCyrenaicaState of Cyrenaica
20%
aRussiaCircassiaCircassia
19%
aIraqIraqi KurdistanKurdistan
19%
aIraq | TurkeyAssyriaAssyria
18%
aRussiaBuryatiaBuryatia
18%
aFS MicronesiaChuukRepublic of Chuuk
18%
kabyliaAlgeriaKabyliaKabylia
18%
aRussiaKalmykiaKalmykia
18%
aPolandKashubiaKashubia
18%
aRussiaKomi RepublicKomi Republic
18%
aUnited KingdomNorthern EnglandNorthumbria
18%
aItalyNorthern ItalyPadania
18%
aFranceProvenceProvence
18%
aSyriaRojavaRojava
18%
aFranceSavoySavoy
18%
aIranIranian AzerbaijanSouth Azerbaijan
17%
oromiaEthiopiaOromia RegionOromia
17%
aMoroccoRifRif
16%
aGhanaWestern TogolandState of Western Togoland
16%
aRussiaBashkortostanBashkortostan
15%
biokoEquatorial GuineaBiokoBioko Island
15%
aMyanmarKawthooleiKawthoolei
15%
aNicaraguaMosquito CoastCommunitarian Nation of Moskitia
15%
aSwedenScaniaScania or unification with Denmark
15%
aMalaysiaJohorJohor
14%
aMalaysiaSabahSabah
14%
aBoliviaSanta Cruz DepartmentRepublic of Santa Cruz
14%
aItalyTriesteFree Territory of Trieste
14%
aRussiaUdmurtiaUdmurtia
14%
aSouth AfricaWestern CapeCape Republic or Cape of Good Hope
14%
aUnited KingdomYorkshireYorkshire autonomous area
14%
anjouanComorosAnjouanAnjouan
13%
aRussiaChuvashiaChuvashia
13%
aBelgiumGerman-speaking CommunityEastern Belgium or unification with Germany
13%
aIndiaNagalandNagalim
13%
aPakistanSindhSindhudesh
13%
aItalyFriuli-Venezia GiuliaFriuli
12%
aChileMapuche peopleWallmapu
12%
aKenyaMombasaMombasa Republic
12%
aAustraliaAboriginal Australians(various)
11%
aVietnamCham peopleChampa
11%
kivuDR CongoKivuUnited Republic of Kivu
11%
aMyanmarNorthern Rakhine StateRahmanland
11%
aAustraliaTorres Strait IslandsTorres Strait Islands
11%
aSouth AfricaAfrikanersVolkstaat
10%
aMyanmarArakanArakan State
10%
aRomaniaBanatBanat
10%
aNamibiaCaprivi StripCaprivi Strip
10%
aRussiaKarachay-BalkariaKarachay-Balkar Republic
10%
aRussiaKubanKuban People's Republic or Kuban Republic
10%
aPapua New GuineaNew Ireland ProvinceNew Ireland
10%
aKosovoNorth KosovoRe-unification with Serbia or Community of Serb Municipalities within Kosovo
10%
southcongoCongoSouth CongoState of South Congo
10%
aSlovakiaSouthern SlovakiaUnification with Hungary
10%
aSri LankaTamil EelamTamil Eelam
10%
aCanadaWestern CanadaWest Canada
10%
aZambiaBarotseBarotseland
9%
aSenegalCasamanceCasamance
9%
aMyanmarKachinKachin State
9%
aIranKhuzestanAl-Ahwaz
9%
aMalaysiaPenangPenang
9%
aColombiaSan Andrés and Santa CatalinaSan Andrés and Santa Catalina
9%
aIndonesiaSouth MoluccasSouth Moluccas
9%
aRomaniaSzékely LandSzékely Land
9%
aItalyAosta ValleyValdosta
8%
aArgentinaAraucaníaWallmapu
8%
bascongoDR CongoBas-CongoKingdom of Kongo
8%
aUgandaBugandaKingdom of Buganda
8%
darelkutiCentral African RepublicDar El KutiRepublic of Logone
8%
aIndiaManipurKangleipak
8%
moheliComorosMohéliMwali
8%
aAzerbaijanTalysh-MughanTalysh-Mughan Autonomous Republic
8%
aUnited StatesAztlánAztlán
7%
aGermanyEast Frisia and North FrisiaFrisia
7%
aRussiaIdel-Ural StateIdel-Ural Republic
7%
aUnited StatesLakotahRepublic of Lakotah
7%
aRussiaLeningrad OblastIngria
7%
aGermanyLusatiaLusatia
7%
aArgentinaMendozaRepublic of Mendoza
7%
aSerbiaSandžakSandžak
7%
aZimbabweMatabelelandMthwakazi
6%
sidamaEthiopiaSidama ZoneRepublic of Sidama
6%
aVenezuelaZulia StateZulia
6%
bakassiCameroonBakassiDemocratic Republic of Bakassi
5%
aRwandaBatwalandBatwaland
5%
aBosnia and HerzegovinaCroatian CommunityCroatian Republic of Herzeg-Bosnia
5%
aVanuatuEspiritu SantoRepublic of Vemerana
5%
aFranceFrench Basque CountryUnification with the Basque Country and Navarre
5%
aFranceFrench FlandersFrench Flanders, unification with Flanders, or unification with the Netherlands
5%
aRussiaKhanty-Mansi Autonomous OkrugKhanty-Mansi
5%
aVietnamKhmer peopleKhmers Kampuchea-Krom Federation
5%
aNepalKirat Autonomous StateKirat
5%
aRussiaLezgistanLezgistan
5%
aUnited KingdomMidlandsMercia
5%
aIndonesiaMinahasaMinahasa
5%
aNigeriaNiger DeltaNiger Delta
5%
aThailandPataniPattani Darul Makrif or unification with Malaysia
5%
aIndonesiaRiauRiau
5%
aRussiaAbaziniaAbazinia
4%
aUnited KingdomAlderneyAlderney
4%
aSpainAran ValleyAutonomous area within Catalonia or unification with Occitania (France)
4%
aYemenHadhramautKathiri, Qu'aiti, Wahidi Balhaf, or Mahra
4%
aMyanmarKarenniKayah State
4%
aMyanmarKokangKokang
4%
aNepalMadheshMadhesh
4%
aSolomon IslandsMalaita ProvinceMalaita
4%
aFranceMo'oreaRepublic of Hau Pakumoto
4%
aUnited StatesNorthwest Territorial ImperativeNorthwest American Republic
4%
aNigeriaOduduwa RepublicOduduwa Republic
4%
aRomaniaPartiumPartium
4%
aVanuatuTannaTanna
4%
afarEthiopiaAfar RegionAfar
3%
aFranceAlpes-MaritimesCounty of Nice
3%
aUnited KingdomCanvey IslandCanvey Island autonomous area
3%
aMyanmarChin StateChin State
3%
aIndiaKamtapurKamtapur
3%
aRussiaKomi-Permyak OkrugKomi-Permyak Autonomous Okrug
3%
aItalyMezzogiornoMezzogiorno
3%
aRussiaSverdlovsk OblastUral Republic
3%
aRussiaTaymyrsky Dolgano-Nenetsky DistrictTaymyr Autonomous Okrug
3%
aLibyaTouboulandToubouland
3%
aMyanmarZale'n-gamZale'n-gam
3%
aPhilippinesCordillera Administrative RegionCordillera Autonomous Region
2%
aSwitzerlandJura regionUnification of Bernese Jura and Laufen District with the Canton of Jura as an autonomous area
2%
aRussiaKoryak OkrugKoryak Autonomous Okrug
2%
aVanuatuMalakulaN'Makiaute
2%
aRussiaTabasaranstanTabasaranstan
2%
aNepalTeraiTerai
2%
aLibyaBerber people(none specified)
1%
aVanuatuTafea ProvinceTafea
1%

Score Distribution

Percentile by Number Answered

Percent of People with Each Score

Your Score History

You have not taken this quiz since the last reset